000 00935nas a2200229 a 4500
005 20250415092505.0
007 ta
008 250122e2024 dr z||p|r||||||0| 0|spa d
022 _a2811-5163
040 _aDO-SdBNP
_cBNPHU
_erda
041 _hspa
110 _aRepública Dominicana, Ministerio de Salud Pública
_986901
245 _aBoletín informativo curso de vida :
_bboletín cuatrimestral no. 2 /
_cMinisterio de Salud Pública.
260 _aSanto Domingo, República :
_bMinisterio de Salud Pública,
_c[2024].
300 _avolumen :
_bilustraciones, fotografías ;
_c25 cm.
310 _aCuatrimestral.
362 _aNo. 2. Septiembre-Diciembre 2024.
650 0 _aSalud
_vPublicaciones periódicas
_91687
651 0 _aRepública Domincana
_986749
_xSalud pública
_vPublicaciones periódicas
856 _uhttps://repositorio.msp.gob.do/bitstream/handle/123456789/2283/2811-5163.pdf?sequence=1
942 _2ddc
_cISSUE
999 _c58075
_d58075